| 000 | 01274cam a22002415a 4500 | ||
|---|---|---|---|
| 001 | L141189 | ||
| 008 | 071102s2007 xxk f f000 0 eng d | ||
| 035 | _a(Sirsi) u141189 | ||
| 041 | 0 | _aeng | |
| 050 | 0 | 4 | _a692.2 $2 18 |
| 110 | 1 |
_aUnited Kingdom _bDepartment for Communities and Local Government _94939 |
|
| 245 | 0 | 0 |
_aLocal authority registers of building control information _bsummary of consultation responses _h[electronic resource] |
| 260 |
_aLondon _bDCLG _c2007 |
||
| 520 | _aSummarises the 143 responses received to the consultation document published in March on proposals to make regulations under the Building Act s91A (inserted by the Sustainable and Secure Buildings Act 2004 s7), which will require local authorities to establish a register of building control information (see L137180). Includes a list of respondents. | ||
| 590 | _aKA NTK | ||
| 650 | 2 | 4 | _aSUSTAINABLE AND SECURE BUILDINGS ACT 2004 S7 |
| 650 | 2 | 4 | _aBUILDING ACT 1984 S56 |
| 650 | 2 | 4 | _aBUILDING ACT 1984 S91A |
| 651 | 4 |
_aEngland and Wales _y1543- |
|
| 690 | _aBUILT ENVIRONMENT-BUILDING STANDARDS | ||
| 856 | 4 | 0 |
_uhttps://www.communities.gov.uk/publications/planningandbuilding/laregisterresponses?version=1 _zView the report free of charge at www.communities.gov.uk... |
| 942 | _n0 | ||
| 999 |
_c107612 _d107612 |
||